US State Abbreviations Map Quiz - Statistics

General Stats
  • This quiz has been taken 164 times
  • The average score is 41 of 50
Answers on the Map
Answers color-coded by a green-red scale on the quiz's map according to % correct below.
 
Answer Stats
Answer % Correct
NC
88%
OH
88%
GA
87%
HI
87%
NM
87%
NV
87%
PA
87%
TX
87%
WA
87%
FL
86%
KY
86%
ND
86%
OK
86%
OR
86%
SD
86%
TN
86%
AZ
84%
CA
84%
IL
84%
MN
84%
NE
84%
NY
84%
SC
84%
WY
84%
AL
83%
CO
83%
ID
83%
IN
83%
ME
83%
UT
83%
VT
83%
MT
81%
NH
81%
WI
81%
KS
80%
LA
80%
WV
80%
IA
78%
MS
78%
VA
78%
AR
77%
CT
77%
MD
77%
RI
77%
MO
75%
NJ
75%
DE
74%
MA
72%
MI
70%
AK
68%
No matching quizzes found
Score Distribution
Percent of People with Each Score
Percentile by Number Answered
Your Score History
You have not taken this quiz